Concrete dam instrumentation manual (Record no. 547891)

000 -LEADER
fixed length control field 01084cam a2200241Ka 4500
082 ## - DEWEY DECIMAL CLASSIFICATION NUMBER
Classification number 627.8
Author Mark BAR
-- L-NUST, P-15
100 1# - MAIN ENTRY--PERSONAL NAME
Personal name Bartholomew, Charles L.
9 (RLIN) 44046
245 10 - TITLE STATEMENT
Title Concrete dam instrumentation manual
Statement of responsibility, etc. by Charles L. Bartholomew and Michael L. Haverland.
260 ## - PUBLICATION, DISTRIBUTION, ETC.
Place of publication, distribution, etc. Denver, Colo. :
Name of publisher, distributor, etc. U.S. Dept. of the Interior, Bureau of Reclamation ;
Place of publication, distribution, etc. Springfield, Va. :
Name of publisher, distributor, etc. Available from the National Technical Information Service,
Date of publication, distribution, etc. [1988]
300 ## - PHYSICAL DESCRIPTION
Extent xii, 153 p. :
Other physical details ill. ;
Dimensions 28 cm.
500 ## - GENERAL NOTE
General note "October 1987."
500 ## - GENERAL NOTE
General note Distributed to depository libraries in microfiche.
500 ## - GENERAL NOTE
General note Performing organization: Bureau of Reclamation, Engineering and Research Center.
526 ## - STUDY PROGRAM INFORMATION NOTE
Program name 0
Interest level 0
Reading level 0
Title point value 627_800000000000000_BAR
650 #0 - SUBJECT ADDED ENTRY--TOPICAL TERM
Topical term or geographic name entry element Concrete dams
General subdivision Inspection
9 (RLIN) 44047
650 #0 - SUBJECT ADDED ENTRY--TOPICAL TERM
Topical term or geographic name entry element Dam safety.
9 (RLIN) 13061
650 #0 - SUBJECT ADDED ENTRY--TOPICAL TERM
Topical term or geographic name entry element Dams
General subdivision Inspection
9 (RLIN) 44048
700 1# - ADDED ENTRY--PERSONAL NAME
Personal name Haverland, Michael L.
9 (RLIN) 44049
710 1# - ADDED ENTRY--CORPORATE NAME
Corporate name or jurisdiction name as entry element United States.
9 (RLIN) 21185
710 2# - ADDED ENTRY--CORPORATE NAME
Corporate name or jurisdiction name as entry element Engineering and Research Center (U.S.)
9 (RLIN) 44050
856 40 - ELECTRONIC LOCATION AND ACCESS
Uniform Resource Identifier <a href="http://catalog.hathitrust.org/api/volumes/oclc/17554787.html">http://catalog.hathitrust.org/api/volumes/oclc/17554787.html</a>
942 ## - ADDED ENTRY ELEMENTS (KOHA)
Source of classification or shelving scheme
Koha item type Book
Holdings
Withdrawn status Lost status Source of classification or shelving scheme Damaged status Not for loan Permanent Location Current Location Date acquired Total Checkouts Full call number Barcode Date last seen Price effective from Koha item type
          Military College of Engineering (MCE) Military College of Engineering (MCE) 08/11/2014   627.8 BAR MCE-43880 08/11/2014 08/11/2014 Book
© 2023 Central Library, National University of Sciences and Technology. All Rights Reserved.